Городские легенды - Армагеддон - Statistics

General Stats
  • This quiz has been taken 27 times
  • The average score is 6 of 19
Answers on the Grid
Answers color-coded by a green-red scale on the quiz's grid according to % correct below.
Мировой эфир
Кровососущие летучие мыши
Крокодилы в канализации
Фонд SCP
Золото партии
QAnon
Овечка Долли
COVID-19
Гравитационные волны
Ядерная война 1812 года
Вайомингский инцидент
Протоколы сионских мудрецов
МК-Ультра
План Даллеса
Гомункул
Высадка американцев на Луну
Инцидент Макса Хэдрума
Раса рептилоидов
Аркадный автомат "Polybius"
Память воды
Призрак Киева
Янтарная комната
Кровавый навет
Осознанные сновидения
Колодец в ад
Розуэльский инцидент
Третий участник передачи "Городок"
Торсионные поля
Информатор Уотергейта "Глубокая глотка"
Дело Enron
 
Answer Stats
Answer % Correct
Крокодилы в канализации
53%
Раса рептилоидов
53%
Ядерная война 1812 года
47%
Фонд SCP
47%
Призрак Киева
41%
Мировой эфир
35%
Золото партии
35%
Протоколы сионских мудрецов
35%
Гомункул
35%
Колодец в ад
29%
Третий участник передачи "Городок"
29%
План Даллеса
24%
Вайомингский инцидент
18%
Кровавый навет
18%
Торсионные поля
18%
QAnon
18%
Розуэльский инцидент
12%
Память воды
6%
Аркадный автомат "Polybius"
0%
No matching quizzes found
Score Distribution
Percent of People with Each Score
Percentile by Number Answered
Your Score History
You have not taken this quiz